¿Qué es filosofía política?
Na minha lista:
| Autor principal: | |
|---|---|
| Formato: | Livro |
| Idioma: | espanhol |
| Publicado em: |
Madrid, España:
Ediciones Guadarrama,
1970.
|
| Colecção: | Colección Universitaria de Bolsillo. Punto omega, 91.
|
| Assuntos: | |
| Tags: |
Adicionar Tag
Sem tags, seja o primeiro a adicionar uma tag!
|
MARC
| LEADER | 00000nam a2200000 a 4500 | ||
|---|---|---|---|
| 001 | UCS8379 | ||
| 003 | CL-VaPUC | ||
| 005 | 20250313110308.0 | ||
| 008 | 971031e19700000SP |||||||||||||||||spa|d | ||
| 999 | |c 262810 |d 262808 | ||
| 040 | |c Pontificia Universidad Católica de Valparaíso | ||
| 082 | 0 | 4 | |a 320.01 STR 1970 |2 21 |
| 100 | 0 | |a Strauss, Leo |e autor |9 393201 | |
| 245 | 1 | 0 | |a ¿Qué es filosofía política? |
| 260 | |a Madrid, España: |b Ediciones Guadarrama, |c 1970. | ||
| 300 | |a 355 páginas. | ||
| 490 | 0 | |a Colección Universitaria de Bolsillo. Punto omega, 91. | |
| 500 | |a c.2 Donación Familia Prof. Alejandro Guzmán Brito. | ||
| 583 | |a last modification |c 19971031 00:00:00 |k Rodrigo Vera | ||
| 600 | 0 | 7 | |a Jenofonte |d 431 A.C.-354 A.C |9 858281 |
| 600 | 0 | 7 | |a Platón |9 222 |
| 600 | 0 | 7 | |a Mainonides |2 CL-VaPUC |9 393202 |
| 600 | 0 | |a Hobbes, Thomas |d 1588-1679 |9 860396 | |
| 600 | 0 | |a Locke, John |d 1632-1704 |9 860808 | |
| 600 | 0 | 7 | |a Riezler, Kurt |2 CL-VaPUC |9 393203 |
| 650 | 0 | |a Filosofía política |9 295215 | |
| 650 | 0 | |a Ciencias Políticas |9 255201 | |
| 852 | |a BIBCUR | ||
| 942 | |c BK |2 ddc |n 0 | ||
| 945 | |d 19971031 00:00:00 |a aolguin | ||
| 952 | |0 0 |1 0 |4 0 |6 320_010000000000000_STR_1970 |7 0 |8 DER_TF |9 291706 |a BIBDER |b BIBDER |d 2019-11-19 |i 1889745 |o 320.01 STR 1970 |p 1889745 |r 2023-01-25 |w 2019-11-19 |x Ubicación 4to Piso |y BK |z Estos recursos deben solicitarse con anticipación |k DER | ||